Đảng bộ tập đoàn công nghiệp than-Khoáng sản Việt Nam nâng cao năng lực lãnh đạo, đáp ứng yêu cầu thời kỳ mới /
Na minha lista:
| Autor principal: | |
|---|---|
| Formato: | Artigo |
| Idioma: | Vietnamese |
| Assuntos: | |
| Tags: |
Adicionar Tag
Sem tags, seja o primeiro a adicionar uma tag!
|
| Thư viện lưu trữ: | Thư viện Trường Đại học Đà Lạt |
|---|
| LEADER | 00862nam a2200265 4500 | ||
|---|---|---|---|
| 001 | DLU090084604 | ||
| 005 | ##20091116 | ||
| 040 | # | # | |a DLU |b vie |
| 041 | # | # | |a vie |
| 044 | # | # | |a vn |
| 100 | # | # | |a Minh Phương. |
| 245 | # | # | |a Đảng bộ tập đoàn công nghiệp than-Khoáng sản Việt Nam nâng cao năng lực lãnh đạo, đáp ứng yêu cầu thời kỳ mới / |c Minh Phương. |
| 653 | # | # | |a Công nghiệp mỏ |
| 653 | # | # | |a Phát triển bền vững |
| 653 | # | # | |a Xâydựng Đảng |
| 773 | # | # | |t Tạp chí lịch sử Đảng |g Số 7(224), 2009, tr. 82-84 |
| 920 | # | # | |a Phòng Tạp chí -- Trung tâm Thông tin - Thư viện Trường Đại học Đà Lạt |
| 994 | # | # | |a DLU |
| 900 | # | # | |a True |
| 911 | # | # | |a Nguyễn Thị Linh Chi |
| 925 | # | # | |a G |
| 926 | # | # | |a A |
| 927 | # | # | |a BB |
| 980 | # | # | |a Thư viện Trường Đại học Đà Lạt |